The rule of law, definition, measures, patterns and causes (Record no. 6143)
[ view plain ]
| 000 -LEADER | |
|---|---|
| fixed length control field | 00867cam a2200265 a 4500 |
| 001 - CONTROL NUMBER | |
| control field | 2621812 |
| 003 - CONTROL NUMBER IDENTIFIER | |
| control field | OSt |
| 005 - DATE AND TIME OF LATEST TRANSACTION | |
| control field | 20180910091709.0 |
| 008 - FIXED-LENGTH DATA ELEMENTS--GENERAL INFORMATION | |
| fixed length control field | 980414s1997 quc b 001 0 eng c |
| 010 ## - LIBRARY OF CONGRESS CONTROL NUMBER | |
| LC control number | 98138931 |
| 020 ## - INTERNATIONAL STANDARD BOOK NUMBER | |
| International Standard Book Number | 0773516735 (acidfree paper) |
| 040 ## - CATALOGING SOURCE | |
| Original cataloging agency | MoSU-L |
| Transcribing agency | MoSU-L |
| Modifying agency | DLC |
| 042 ## - AUTHENTICATION CODE | |
| Authentication code | pcc |
| 043 ## - GEOGRAPHIC AREA CODE | |
| Geographic area code | n-cn--- |
| 050 04 - LIBRARY OF CONGRESS CALL NUMBER | |
| Classification number | KE4238 |
| Item number | .T73 1997 |
| 100 1# - MAIN ENTRY--PERSONAL NAME | |
| Personal name | Tremblay, Luc B., |
| Dates associated with a name | 1958- |
| 245 14 - TITLE STATEMENT | |
| Title | The rule of law, definition, measures, patterns and causes |
| Statement of responsibility, etc. | Luc B. Tremblay. |
| 260 ## - PUBLICATION, DISTRIBUTION, ETC. | |
| Place of publication, distribution, etc. | Montreal ; |
| -- | Buffalo : |
| Name of publisher, distributor, etc. | McGill-Queen's University Press, |
| Date of publication, distribution, etc. | c1997. |
| 300 ## - PHYSICAL DESCRIPTION | |
| Extent | xviii, 337 p. ; |
| Dimensions | 24 cm. |
| 504 ## - BIBLIOGRAPHY, ETC. NOTE | |
| Bibliography, etc. note | Includes bibliographical references (p. [311]-330) and index. |
| 650 #0 - SUBJECT ADDED ENTRY--TOPICAL TERM | |
| Topical term or geographic name entry element | Rule of law |
| Geographic subdivision | Canada. |
| 906 ## - LOCAL DATA ELEMENT F, LDF (RLIN) | |
| a | 7 |
| b | cbc |
| c | pccadap |
| d | u |
| e | ncip |
| f | 19 |
| g | y-gencatlg |
| 942 ## - ADDED ENTRY ELEMENTS (KOHA) | |
| Source of classification or shelving scheme | |
| Koha item type | OS Book |
| Classification part | K3171.M |
| Withdrawn status | Lost status | Source of classification or shelving scheme | Damaged status | Not for loan | Home library | Current library | Shelving location | Date acquired | Source of acquisition | Cost, normal purchase price | Inventory number | Total Checkouts | Full call number | Barcode | Date last seen | Cost, replacement price | Price effective from | Koha item type |
|---|---|---|---|---|---|---|---|---|---|---|---|---|---|---|---|---|---|---|
| CUZ Harare Campus | CUZ Harare Campus | Open Shelf | 10.09.2018 | Donation | 10.00 | CU13643 | K3171.M | BK008246 | 22.05.2025 | 10.00 | 10.09.2018 | OS Book |